El perfume (Record no. 14430)
[ view plain ]
| 000 -CABECERA | |
|---|---|
| campo de control de longitud fija | 00784nam a2200289 4500 |
| 003 - IDENTIFICADOR DEL NÚMERO DE CONTROL | |
| campo de control | EC-UNACH |
| 005 - FECHA Y HORA DE LA ÚLTIMA TRANSACCIÓN | |
| campo de control | 20260317125542.0 |
| 006 - CÓDIGOS DE INFORMACIÓN DE LONGITUD FIJA--CARACTERÍSTICAS DEL MATERIAL ADICIONAL | |
| campo de control de longitud fija | s||||gr|||| 00| 00 |
| 008 - DATOS DE LONGITUD FIJA--INFORMACIÓN GENERAL | |
| campo de control de longitud fija | 150116t9999 mx r gr 000 0 spa d |
| 020 ## - NÚMERO INTERNACIONAL ESTÁNDAR DEL LIBRO | |
| Número Internacional Estándar del Libro | 950-37-0177-5 |
| 040 ## - FUENTE DE LA CATALOGACIÓN | |
| Centro catalogador/agencia de origen | EC-UNACH |
| Centro/agencia transcriptor | EC-UNACH |
| 041 ## - CÓDIGO DE LENGUA | |
| Código de lengua del texto/banda sonora o título independiente | spa |
| 082 04 - NÚMERO DE LA CLASIFICACIÓN DECIMAL DEWEY | |
| Número de edición | 23 |
| Número de clasificación | 808.83 |
| Número de documento/Ítem | L018634 |
| 100 ## - ENTRADA PRINCIPAL--NOMBRE DE PERSONA | |
| Nombre de persona | Suskind, Patrick |
| 245 ## - MENCIÓN DE TÍTULO | |
| Título | El perfume |
| Resto del título | Historia de un asesino |
| 250 ## - MENCIÓN DE EDICIÓN | |
| Mención de edición | Segunda Edición |
| 264 ## - Producción, publicación, distribución, fabricación y copyright | |
| Lugar de producción, publicación, distribución, fabricación | Barcelona - España |
| Nombre del de productor, editor, distribuidor, fabricante | Editorial Seix Barral |
| Fecha de de producción, publicación, distribución, fabricación o copyright | 1986 |
| 300 ## - DESCRIPCIÓN FÍSICA | |
| Extensión | 237 páginas |
| Dimensiones | 19 x 12 cm |
| 490 ## - MENCIÓN DE SERIE | |
| Designación de volumen o secuencia | Primera parte |
| 501 ## - NOTA DE "CON" | |
| Nota de “Con” | Novela |
| 505 ## - NOTA DE CONTENIDO CON FORMATO | |
| Nota de contenido con formato | Novela |
| 650 ## - PUNTO DE ACCESO ADICIONAL DE MATERIA--TÉRMINO DE MATERIA | |
| Término de materia o nombre geográfico como elemento inicial | NOVELA |
| 942 ## - ELEMENTOS DE PUNTO DE ACCESO ADICIONAL (KOHA) | |
| Fuente del sistema de clasificación o colocación | Clasificación Decimal Dewey |
| Tipo de ítem Koha | Libros |
| 999 ## - NÚMEROS DE CONTROL DE SISTEMA (KOHA) | |
| Koha biblionumber | 14430 |
| Estado de pérdida | Fuente del sistema de clasificación o colocación | Estado dañado | No para préstamo | Localización permanente | Ubicación/localización actual | Ubicación en estantería | Fecha de adquisición | Fuente de adquisición | Número de inventario | Total de préstamos | Signatura topográfica completa | Código de barras | Fecha visto por última vez | Número de copia | Precio válido a partir de | Tipo de ítem Koha | Centro de costos |
|---|---|---|---|---|---|---|---|---|---|---|---|---|---|---|---|---|---|
| Clasificación Decimal Dewey | Biblioteca Campus Sur | Biblioteca Campus Sur | Pedagogía de la Lengua y la Literetura | 17/03/2026 | Transitoria segunda Reglamento de Biblioteca | 320005 | 808.83 SUS L018634 | L018634 | 17/03/2026 | Ejemplar: 01 | 17/03/2026 | Libros |